[Event "Russian Rapid Team Championship (m)"]
[Site "Sochi"]
[Date "2022.10.18"]
[Round "2.13"]
[White "Kryakvin, Dmitry"]
[Black "Savchenko, Boris"]
[Result "0-1"]
[BlackElo "2605"]
[WhiteElo "2405"]
[LiveChessVersion "1.4.8"]

1. Nf3 {[%clk 0:15:17]} c5 {[%clk 0:15:19]} 2. c4 {[%clk 0:15:23]} Nf6
{[%clk 0:15:27]} 3. Nc3 {[%clk 0:15:29]} d5 {[%clk 0:15:35]} 4. cxd5
{[%clk 0:15:17]} Nxd5 {[%clk 0:15:43]} 5. d4 {[%clk 0:15:01]} cxd4
{[%clk 0:14:51]} 6. Qxd4 {[%clk 0:13:35]} e6 {[%clk 0:14:48]} 7. e4
{[%clk 0:12:40]} Nc6 {[%clk 0:14:53]} 8. Bb5 {[%clk 0:12:15]} Nxc3
{[%clk 0:12:44]} 9. Bxc6+ {[%clk 0:11:22]} bxc6 {[%clk 0:12:51]} 10. Qxc3
{[%clk 0:11:29]} Bb7 {[%clk 0:09:55]} 11. O-O {[%clk 0:10:00]} c5
{[%clk 0:10:01]} 12. Re1 {[%clk 0:08:56]} f6 {[%clk 0:09:21]} 13. Be3
{[%clk 0:06:24]} Bxe4 {[%clk 0:09:18]} 14. Bxc5 {[%clk 0:05:50]} Bd5
{[%clk 0:09:25]} 15. Bxf8 {[%clk 0:05:15]} Kxf8 {[%clk 0:09:14]} 16. Nd4
{[%clk 0:05:24]} Kf7 {[%clk 0:08:42]} 17. Rad1 {[%clk 0:05:29]} Qb6
{[%clk 0:08:42]} 18. Qg3 {[%clk 0:04:28]} Rad8 {[%clk 0:03:57]} 19. b3
{[%clk 0:04:35]} Ba8 {[%clk 0:02:45]} 20. Qg4 {[%clk 0:02:38]} h5
{[%clk 0:02:41]} 21. Qf4 {[%clk 0:02:00]} e5 {[%clk 0:00:21]} 22. Rxe5
{[%clk 0:01:38]} Qc7 {[%clk 0:00:28]} 23. Rde1 {[%clk 0:01:22]} Rde8
{[%clk 0:00:33]} 24. Rxe8 {[%clk 0:00:50]} Qxf4 {[%clk 0:00:41]} 25. Rxh8
{[%clk 0:00:58]} Bxg2 {[%clk 0:00:37]} 26. Kxg2 {[%clk 0:00:31]} Qg4+
{[%clk 0:00:36]} 27. Kf1 {[%clk 0:00:36]} Qxd4 {[%clk 0:00:45]} 28. Rhe8
{[%clk 0:00:41]} Qf4 {[%clk 0:00:38]} 29. Kg1 {[%clk 0:00:44]} h4
{[%clk 0:00:43]} 30. R8e7+ {[%clk 0:00:37]} Kg6 {[%clk 0:00:51]} 31. R7e3
{[%clk 0:00:46]} Qg5+ {[%clk 0:00:51]} 32. Kh1 {[%clk 0:00:45]} Qd5+
{[%clk 0:00:51]} 33. Kg1 {[%clk 0:00:54]} Qd2 {[%clk 0:00:52]} 34. R1e2
{[%clk 0:00:54]} Qd1+ {[%clk 0:00:58]} 35. Kg2 {[%clk 0:01:03]} Qd5+
{[%clk 0:00:30]} 36. Kg1 {[%clk 0:01:12]} h3 {[%clk 0:00:37]} 37. Rg3+
{[%clk 0:00:42]} Kf7 {[%clk 0:00:35]} 38. Re1 {[%clk 0:00:51]} Qd7
{[%clk 0:00:31]} 39. Rge3 {[%clk 0:00:47]} Qd2 {[%clk 0:00:31]} 40. Rf1
{[%clk 0:00:49]} Qd7 {[%clk 0:00:36]} 41. Rfe1 {[%clk 0:00:55]} Qf5
{[%clk 0:00:26]} 42. Re7+ {[%clk 0:00:51]} Kf8 {[%clk 0:00:30]} 43. Re8+
{[%clk 0:00:59]} Kf7 {[%clk 0:00:39]} 44. R8e7+ {[%clk 0:01:08]} Kg6
{[%clk 0:00:43]} 45. R7e3 {[%clk 0:01:17]} Kh5 {[%clk 0:00:43]} 46. Kf1
{[%clk 0:01:07]} g5 {[%clk 0:00:50]} 47. Rg3 {[%clk 0:00:25]} Kh4
{[%clk 0:00:51]} 48. f3 {[%clk 0:00:26]} Qd3+ {[%clk 0:00:37]} 49. Kf2
{[%clk 0:00:33]} Qc2+ {[%clk 0:00:19]} 50. Re2 {[%clk 0:00:30]} Qc5+
{[%clk 0:00:27]} 51. Kf1 {[%clk 0:00:17]} f5 {[%clk 0:00:25]} 52. Re8
{[%clk 0:00:15]} Qc1+ {[%clk 0:00:29]} 53. Kf2 {[%clk 0:00:15]} Qb2+
{[%clk 0:00:14]} 54. Re2 {[%clk 0:00:15]} Qd4+ {[%clk 0:00:21]} 55. Kf1
{[%clk 0:00:22]} Qa1+ {[%clk 0:00:30]} 56. Re1 {[%clk 0:00:12]} Qxa2
{[%clk 0:00:38]} 57. Kg1 {[%clk 0:00:15]} Qd2 {[%clk 0:00:39]} 58. Rf1
{[%clk 0:00:18]} a5 {[%clk 0:00:26]} 59. Kh1 {[%clk 0:00:15]} Qd5
{[%clk 0:00:21]} 60. Kg1 {[%clk 0:00:15]} Qxb3 {[%clk 0:00:27]} 61. f4
{[%clk 0:00:17]} Qb6+ {[%clk 0:00:35]} 62. Rf2 {[%clk 0:00:15]} g4
{[%clk 0:00:16]} 63. Rc3 {[%clk 0:00:15]} Qb1+ {[%clk 0:00:23]} 64. Rf1
{[%clk 0:00:23]} Qa2 {[%clk 0:00:24]} 65. Rg3 {[%clk 0:00:24]} a4
{[%clk 0:00:32]} 66. Re1 {[%clk 0:00:22]} Qd2 {[%clk 0:00:33]} 67. Rf1
{[%clk 0:00:17]} a3 {[%clk 0:00:40]} 0-1

[Event "Russian Rapid Team Championship (m)"]
[Site "Sochi"]
[Date "2022.10.18"]
[Round "2.14"]
[White "Iljiushenok, Ilia"]
[Black "Truskavetsky, Alexandr"]
[Result "1-0"]
[BlackElo "2270"]
[WhiteElo "2467"]
[LiveChessVersion "1.4.8"]

1. e4 {[%clk 0:15:17]} c5 {[%clk 0:15:16]} 2. Nf3 {[%clk 0:15:26]} e6
{[%clk 0:15:22]} 3. d4 {[%clk 0:15:34]} cxd4 {[%clk 0:15:28]} 4. Nxd4
{[%clk 0:15:43]} a6 {[%clk 0:15:27]} 5. a3 {[%clk 0:15:49]} Nf6 {[%clk 0:15:09]}
6. Nc3 {[%clk 0:15:55]} d6 {[%clk 0:15:13]} 7. Be3 {[%clk 0:14:03]} b5
{[%clk 0:13:42]} 8. g4 {[%clk 0:10:42]} Bb7 {[%clk 0:08:07]} 9. Bg2
{[%clk 0:10:36]} h6 {[%clk 0:08:13]} 10. f4 {[%clk 0:08:39]} d5 {[%clk 0:07:15]}
11. e5 {[%clk 0:08:17]} Ne4 {[%clk 0:07:19]} 12. Nxe4 {[%clk 0:07:56]} dxe4
{[%clk 0:07:27]} 13. O-O {[%clk 0:05:03]} Nd7 {[%clk 0:04:56]} 14. f5
{[%clk 0:04:38]} exf5 {[%clk 0:03:57]} 15. e6 {[%clk 0:04:32]} Nf6
{[%clk 0:03:44]} 16. exf7+ {[%clk 0:03:18]} Kxf7 {[%clk 0:03:49]} 17. Rxf5
{[%clk 0:03:23]} Bd6 {[%clk 0:02:31]} 18. c3 {[%clk 0:02:23]} Qc7
{[%clk 0:02:02]} 19. Qb3+ {[%clk 0:02:04]} Qc4 {[%clk 0:02:06]} 20. Qc2
{[%clk 0:01:28]} Rhe8 {[%clk 0:01:16]} 21. Raf1 {[%clk 0:01:29]} Kg8
{[%clk 0:01:17]} 22. Rxf6 {[%clk 0:01:20]} gxf6 {[%clk 0:01:25]} 23. Rxf6
{[%clk 0:01:30]} Bf8 {[%clk 0:01:22]} 24. Qf2 {[%clk 0:01:26]} Bg7
{[%clk 0:01:14]} 25. Rg6 {[%clk 0:00:49]} Qf7 {[%clk 0:00:50]} 26. Qf5
{[%clk 0:00:58]} Re5 {[%clk 0:00:23]} 27. Qxf7+ {[%clk 0:00:48]} Kxf7
{[%clk 0:00:32]} 28. Rb6 {[%clk 0:00:49]} Bd5 {[%clk 0:00:40]} 29. Nf5
{[%clk 0:00:53]} Re6 {[%clk 0:00:33]} 30. Rxe6 {[%clk 0:00:44]} Bxe6
{[%clk 0:00:35]} 31. Bxe4 {[%clk 0:00:51]} Rg8 {[%clk 0:00:28]} 32. Kf2
{[%clk 0:00:16]} Bf8 {[%clk 0:00:24]} 33. h3 {[%clk 0:00:25]} Bxf5
{[%clk 0:00:24]} 34. Bxf5 {[%clk 0:00:34]} Bd6 {[%clk 0:00:17]} 35. Bxh6
{[%clk 0:00:40]} Rh8 {[%clk 0:00:17]} 36. g5 {[%clk 0:00:49]} Be5
{[%clk 0:00:17]} 37. Kf3 {[%clk 0:00:43]} Ke7 {[%clk 0:00:15]} 38. h4
{[%clk 0:00:49]} a5 {[%clk 0:00:21]} 39. Ke4 {[%clk 0:00:47]} Kd6
{[%clk 0:00:30]} 40. h5 {[%clk 0:00:34]} b4 {[%clk 0:00:29]} 41. cxb4
{[%clk 0:00:40]} axb4 {[%clk 0:00:38]} 42. axb4 {[%clk 0:00:47]} Bxb2
{[%clk 0:00:46]} 43. b5 {[%clk 0:00:42]} Kc5 {[%clk 0:00:21]} 44. Bd7
{[%clk 0:00:51]} Kb6 {[%clk 0:00:17]} 45. Kf5 {[%clk 0:00:57]} Kc7
{[%clk 0:00:16]} 46. Bc6 {[%clk 0:01:04]} Kd6 {[%clk 0:00:24]} 47. Kg6
{[%clk 0:01:03]} Kc7 {[%clk 0:00:25]} 48. Bf3 {[%clk 0:01:09]} Kb6
{[%clk 0:00:33]} 49. Bg7 {[%clk 0:01:03]} 1-0

[Event "Russian Rapid Team Championship (m)"]
[Site "Sochi"]
[Date "2022.10.18"]
[Round "2.15"]
[White "Derjabin, Ilja"]
[Black "Pridorozhni, Aleksei"]
[Result "0-1"]
[BlackElo "2538"]
[WhiteElo "2342"]
[LiveChessVersion "1.4.8"]

1. d4 {[%clk 0:15:13]} d6 {[%clk 0:15:17]} 2. Nf3 {[%clk 0:14:47]} Bg4
{[%clk 0:15:24]} 3. g3 {[%clk 0:14:39]} Bxf3 {[%clk 0:15:31]} 4. exf3
{[%clk 0:14:47]} d5 {[%clk 0:15:39]} 5. c4 {[%clk 0:13:13]} c6 {[%clk 0:15:46]}
6. Nc3 {[%clk 0:13:21]} e6 {[%clk 0:15:54]} 7. Qb3 {[%clk 0:12:51]} Qb6
{[%clk 0:15:47]} 8. c5 {[%clk 0:12:34]} Qc7 {[%clk 0:15:12]} 9. Bf4
{[%clk 0:12:27]} Qc8 {[%clk 0:15:20]} 10. Bd3 {[%clk 0:12:22]} Nd7
{[%clk 0:15:26]} 11. O-O-O {[%clk 0:11:23]} Be7 {[%clk 0:13:57]} 12. Rhe1
{[%clk 0:11:08]} b6 {[%clk 0:12:56]} 13. cxb6 {[%clk 0:11:05]} axb6
{[%clk 0:13:04]} 14. Kb1 {[%clk 0:11:08]} Ngf6 {[%clk 0:13:04]} 15. g4
{[%clk 0:10:28]} O-O {[%clk 0:11:27]} 16. Qc2 {[%clk 0:10:32]} c5
{[%clk 0:11:24]} 17. g5 {[%clk 0:09:53]} c4 {[%clk 0:11:28]} 18. Bf5
{[%clk 0:08:11]} Nh5 {[%clk 0:09:30]} 19. Bxh7+ {[%clk 0:08:08]} Kh8
{[%clk 0:09:39]} 20. Bc1 {[%clk 0:08:16]} Bd6 {[%clk 0:09:45]} 21. g6
{[%clk 0:08:11]} Ndf6 {[%clk 0:09:39]} 22. Rg1 {[%clk 0:06:43]} Nxh7
{[%clk 0:07:17]} 23. gxh7 {[%clk 0:06:50]} Be7 {[%clk 0:06:50]} 24. Rde1
{[%clk 0:06:14]} Bf6 {[%clk 0:06:46]} 25. Rg4 {[%clk 0:06:13]} Qd7
{[%clk 0:06:48]} 26. Bg5 {[%clk 0:06:08]} b5 {[%clk 0:05:49]} 27. a3
{[%clk 0:04:25]} Bxg5 {[%clk 0:03:18]} 28. Rxg5 {[%clk 0:04:32]} g6
{[%clk 0:03:26]} 29. Rg4 {[%clk 0:04:12]} b4 {[%clk 0:02:45]} 30. axb4
{[%clk 0:04:20]} Ra7 {[%clk 0:02:53]} 31. Re5 {[%clk 0:02:58]} Rfa8
{[%clk 0:02:46]} 32. Kc1 {[%clk 0:03:08]} Ra1+ {[%clk 0:02:54]} 33. Kd2
{[%clk 0:03:17]} Rh1 {[%clk 0:02:38]} 34. h4 {[%clk 0:02:23]} Ng7
{[%clk 0:02:31]} 35. b5 {[%clk 0:02:00]} Raa1 {[%clk 0:02:29]} 36. Rxg6
{[%clk 0:01:40]} fxg6 {[%clk 0:02:34]} 37. Qxg6 {[%clk 0:01:49]} Ra8
{[%clk 0:02:02]} 38. h5 {[%clk 0:01:48]} Qe8 {[%clk 0:02:00]} 39. b6
{[%clk 0:01:22]} Qxg6 {[%clk 0:01:24]} 40. hxg6 {[%clk 0:01:30]} Rg1
{[%clk 0:01:31]} 41. Nb5 {[%clk 0:00:44]} Rb8 {[%clk 0:01:22]} 42. Nd6
{[%clk 0:00:46]} Rxg6 {[%clk 0:01:29]} 43. b7 {[%clk 0:00:55]} Nf5
{[%clk 0:01:25]} 44. Nxf5 {[%clk 0:00:16]} exf5 {[%clk 0:01:33]} 45. Rxf5
{[%clk 0:00:12]} Rxb7 {[%clk 0:01:35]} 0-1

[Event "Russian Rapid Team Championship (m)"]
[Site "Sochi"]
[Date "2022.10.18"]
[Round "2.16"]
[White "Kabanov, Nikolai"]
[Black "Kobylkin, Evgeni"]
[Result "1/2-1/2"]
[BlackElo "2461"]
[WhiteElo "2367"]
[LiveChessVersion "1.4.8"]

1. e4 {[%clk 0:15:18]} e6 {[%clk 0:15:19]} 2. d4 {[%clk 0:15:25]} d5
{[%clk 0:15:27]} 3. exd5 {[%clk 0:15:34]} exd5 {[%clk 0:15:36]} 4. Nf3
{[%clk 0:15:43]} Nc6 {[%clk 0:15:25]} 5. Bd3 {[%clk 0:15:41]} Nb4
{[%clk 0:15:23]} 6. Bb5+ {[%clk 0:15:45]} c6 {[%clk 0:14:28]} 7. Ba4
{[%clk 0:15:49]} Bd6 {[%clk 0:14:07]} 8. O-O {[%clk 0:15:48]} Ne7
{[%clk 0:13:38]} 9. c3 {[%clk 0:15:05]} Na6 {[%clk 0:13:41]} 10. Bc2
{[%clk 0:15:13]} O-O {[%clk 0:12:55]} 11. Bg5 {[%clk 0:14:58]} f6
{[%clk 0:12:50]} 12. Bh4 {[%clk 0:14:59]} Bf5 {[%clk 0:12:43]} 13. Re1
{[%clk 0:14:44]} Qd7 {[%clk 0:12:30]} 14. Nbd2 {[%clk 0:14:29]} Rae8
{[%clk 0:12:10]} 15. Bg3 {[%clk 0:14:33]} Bxc2 {[%clk 0:10:11]} 16. Qxc2
{[%clk 0:14:40]} Nf5 {[%clk 0:10:18]} 17. Qb3 {[%clk 0:14:27]} Bxg3
{[%clk 0:10:06]} 18. hxg3 {[%clk 0:14:35]} Nd6 {[%clk 0:10:13]} 19. Qa3
{[%clk 0:13:13]} Rxe1+ {[%clk 0:10:06]} 20. Nxe1 {[%clk 0:12:13]} Re8
{[%clk 0:10:09]} 21. Nd3 {[%clk 0:12:20]} Re2 {[%clk 0:09:42]} 22. Nf3
{[%clk 0:10:45]} Nc4 {[%clk 0:06:40]} 23. Qb3 {[%clk 0:10:53]} Qe7
{[%clk 0:06:37]} 24. Re1 {[%clk 0:08:33]} Rxe1+ {[%clk 0:04:54]} 25. Nfxe1
{[%clk 0:08:40]} Nd2 {[%clk 0:04:01]} 26. Qd1 {[%clk 0:08:25]} Nc4
{[%clk 0:03:54]} 27. Qg4 {[%clk 0:06:57]} Nxb2 {[%clk 0:03:43]} 28. Qc8+
{[%clk 0:06:12]} Kf7 {[%clk 0:03:50]} 29. Kh2 {[%clk 0:04:51]} Na4
{[%clk 0:02:38]} 30. Nf3 {[%clk 0:04:51]} Nxc3 {[%clk 0:01:37]} 31. Nde5+
{[%clk 0:03:04]} fxe5 {[%clk 0:01:43]} 32. Nxe5+ {[%clk 0:03:13]} Kf6
{[%clk 0:01:50]} 33. Qg4 {[%clk 0:02:30]} Ne4 {[%clk 0:01:23]} 34. Nd7+
{[%clk 0:01:37]} Kf7 {[%clk 0:01:28]} 35. Ne5+ {[%clk 0:01:40]} Kg8
{[%clk 0:00:38]} 36. Qc8+ {[%clk 0:01:44]} Qf8 {[%clk 0:00:47]} 37. Qe6+
{[%clk 0:01:51]} Kh8 {[%clk 0:00:56]} 38. Nf7+ {[%clk 0:01:48]} Kg8
{[%clk 0:01:05]} 39. Nh6+ {[%clk 0:01:34]} 1/2-1/2

[Event "Russian Rapid Team Championship (m)"]
[Site "Sochi"]
[Date "2022.10.18"]
[Round "3.1"]
[White "Savchenko, Boris"]
[Black "Artemiev, Vladislav"]
[Result "0-1"]
[BlackElo "2710"]
[WhiteElo "2605"]
[LiveChessVersion "1.4.8"]

1. e4 {[%clk 0:15:15]} e5 {[%clk 0:15:18]} 2. f4 {[%clk 0:15:21]} exf4
{[%clk 0:15:12]} 3. Bc4 {[%clk 0:15:28]} Nf6 {[%clk 0:14:34]} 4. Nc3
{[%clk 0:15:35]} d5 {[%clk 0:13:03]} 5. Bxd5 {[%clk 0:15:42]} Bb4
{[%clk 0:10:53]} 6. Nf3 {[%clk 0:14:23]} Bxc3 {[%clk 0:07:31]} 7. dxc3
{[%clk 0:14:28]} c6 {[%clk 0:07:31]} 8. Bb3 {[%clk 0:13:34]} Qxd1+
{[%clk 0:07:04]} 9. Kxd1 {[%clk 0:13:41]} Nxe4 {[%clk 0:06:10]} 10. Re1
{[%clk 0:13:33]} Bf5 {[%clk 0:05:57]} 11. Bxf4 {[%clk 0:13:09]} O-O
{[%clk 0:05:39]} 12. Kc1 {[%clk 0:13:04]} h6 {[%clk 0:04:48]} 13. Bc4
{[%clk 0:12:58]} Nd7 {[%clk 0:04:31]} 14. a4 {[%clk 0:12:18]} a5 {[%clk 0:03:49]}
15. Bd3 {[%clk 0:07:38]} Rfe8 {[%clk 0:03:13]} 16. b3 {[%clk 0:06:58]} Ndc5
{[%clk 0:03:19]} 17. Bxe4 {[%clk 0:07:01]} Rxe4 {[%clk 0:02:47]} 18. Rxe4
{[%clk 0:06:47]} Bxe4 {[%clk 0:02:55]} 19. Kb2 {[%clk 0:06:48]} Ne6
{[%clk 0:02:29]} 20. Be3 {[%clk 0:06:36]} c5 {[%clk 0:01:12]} 21. Rd1
{[%clk 0:06:35]} Kf8 {[%clk 0:00:34]} 22. Ne5 {[%clk 0:05:47]} Bxg2
{[%clk 0:00:42]} 23. Rd7 {[%clk 0:05:53]} f6 {[%clk 0:00:35]} 24. Ng6+
{[%clk 0:06:00]} Kg8 {[%clk 0:00:44]} 25. Re7 {[%clk 0:06:08]} Ra6
{[%clk 0:00:40]} 26. h4 {[%clk 0:05:16]} Bf3 {[%clk 0:00:49]} 27. c4
{[%clk 0:03:44]} Rd6 {[%clk 0:00:19]} 28. Bf2 {[%clk 0:03:50]} Bh5
{[%clk 0:00:16]} 29. Bg3 {[%clk 0:03:54]} Rc6 {[%clk 0:00:18]} 30. Nf4
{[%clk 0:03:58]} Nxf4 {[%clk 0:00:26]} 31. Bxf4 {[%clk 0:04:07]} b6
{[%clk 0:00:34]} 32. Rb7 {[%clk 0:04:13]} g5 {[%clk 0:00:28]} 33. hxg5
{[%clk 0:03:22]} hxg5 {[%clk 0:00:36]} 34. Bc7 {[%clk 0:03:25]} g4
{[%clk 0:00:32]} 35. Bb8 {[%clk 0:02:47]} Bg6 {[%clk 0:00:35]} 36. Kc3
{[%clk 0:02:40]} Re6 {[%clk 0:00:31]} 37. Kd2 {[%clk 0:02:45]} Be4
{[%clk 0:00:23]} 38. Rd7 {[%clk 0:02:53]} Kf8 {[%clk 0:00:12]} 39. c3
{[%clk 0:02:01]} Bf3 {[%clk 0:00:12]} 40. Kd3 {[%clk 0:02:06]} f5
{[%clk 0:00:16]} 41. Rd6 {[%clk 0:01:45]} Ke7 {[%clk 0:00:15]} 42. Rxe6+
{[%clk 0:01:52]} Kxe6 {[%clk 0:00:24]} 43. Bc7 {[%clk 0:01:48]} Bd1
{[%clk 0:00:18]} 44. Ke3 {[%clk 0:01:37]} g3 {[%clk 0:00:16]} 45. Bxg3
{[%clk 0:00:31]} Kd7 {[%clk 0:00:25]} 46. Kf4 {[%clk 0:00:28]} Bxb3
{[%clk 0:00:30]} 47. Kxf5 {[%clk 0:00:36]} Bxa4 {[%clk 0:00:13]} 48. Ke4
{[%clk 0:00:19]} Bb3 {[%clk 0:00:22]} 49. Kd3 {[%clk 0:00:19]} a4
{[%clk 0:00:31]} 50. Bf4 {[%clk 0:00:23]} a3 {[%clk 0:00:40]} 51. Bc1
{[%clk 0:00:32]} a2 {[%clk 0:00:50]} 52. Bb2 {[%clk 0:00:41]} Ke6
{[%clk 0:00:43]} 53. Ba1 {[%clk 0:00:50]} Ke5 {[%clk 0:00:52]} 54. Bb2
{[%clk 0:00:59]} Kf4 {[%clk 0:01:01]} 55. Ba1 {[%clk 0:01:08]} Kf3
{[%clk 0:01:11]} 56. Bb2 {[%clk 0:01:17]} Kf2 {[%clk 0:01:20]} 57. Kd2
{[%clk 0:01:26]} Bxc4 {[%clk 0:01:08]} 58. Ba1 {[%clk 0:01:35]} Bb3
{[%clk 0:00:23]} 59. Bb2 {[%clk 0:01:43]} Kf3 {[%clk 0:00:31]} 60. Ba1
{[%clk 0:01:52]} Ke4 {[%clk 0:00:37]} 61. Bb2 {[%clk 0:02:01]} Kd5
{[%clk 0:00:44]} 62. Ba1 {[%clk 0:02:09]} Kc4 {[%clk 0:00:52]} 63. Bb2
{[%clk 0:02:17]} Ba4 {[%clk 0:00:47]} 64. Ba1 {[%clk 0:02:26]} Kb3
{[%clk 0:00:47]} 65. Kc1 {[%clk 0:02:34]} b5 {[%clk 0:00:35]} 66. Kd2
{[%clk 0:02:43]} Kc4 {[%clk 0:00:33]} 67. Bb2 {[%clk 0:02:50]} a1=Q
{[%clk 0:00:35]} 68. Bxa1 {[%clk 0:02:58]} Kb3 {[%clk 0:00:44]} 69. c4
{[%clk 0:03:04]} Kxc4 {[%clk 0:00:49]} 70. Bg7 {[%clk 0:01:49]} Kb3
{[%clk 0:00:58]} 71. Ke3 {[%clk 0:01:09]} c4 {[%clk 0:00:40]} 72. Kd4
{[%clk 0:00:20]} c3 {[%clk 0:00:48]} 73. Ke3 {[%clk 0:00:17]} Kc4
{[%clk 0:00:23]} 74. Kd4+ 0-1

[Event "Russian Rapid Team Championship (m)"]
[Site "Sochi"]
[Date "2022.10.18"]
[Round "3.2"]
[White "Sjugirov, Sanan"]
[Black "Iljiushenok, Ilia"]
[Result "1/2-1/2"]
[BlackElo "2467"]
[WhiteElo "2609"]
[LiveChessVersion "1.4.8"]

1. Nf3 {[%clk 0:15:16]} Nf6 {[%clk 0:13:50]} 2. g3 {[%clk 0:15:10]} d5
{[%clk 0:13:58]} 3. Bg2 {[%clk 0:15:17]} c5 {[%clk 0:14:06]} 4. O-O
{[%clk 0:15:16]} e6 {[%clk 0:14:12]} 5. c4 {[%clk 0:15:21]} d4 {[%clk 0:14:18]}
6. e3 {[%clk 0:15:26]} Nc6 {[%clk 0:14:25]} 7. exd4 {[%clk 0:15:32]} cxd4
{[%clk 0:14:34]} 8. d3 {[%clk 0:15:41]} h6 {[%clk 0:14:43]} 9. Bf4
{[%clk 0:14:04]} Nd7 {[%clk 0:14:41]} 10. Re1 {[%clk 0:13:46]} Bb4
{[%clk 0:14:43]} 11. Nbd2 {[%clk 0:13:39]} a5 {[%clk 0:14:11]} 12. a3
{[%clk 0:13:42]} Be7 {[%clk 0:14:12]} 13. g4 {[%clk 0:07:30]} O-O
{[%clk 0:11:42]} 14. Rb1 {[%clk 0:06:20]} a4 {[%clk 0:10:21]} 15. h3
{[%clk 0:06:29]} Ra5 {[%clk 0:08:19]} 16. Bg3 {[%clk 0:05:51]} Nc5
{[%clk 0:07:39]} 17. Qe2 {[%clk 0:05:13]} Bd6 {[%clk 0:06:16]} 18. Ne4
{[%clk 0:03:14]} Nxe4 {[%clk 0:06:18]} 19. Qxe4 {[%clk 0:03:23]} f5
{[%clk 0:05:39]} 20. gxf5 {[%clk 0:03:32]} exf5 {[%clk 0:05:37]} 21. Qe2
{[%clk 0:03:33]} f4 {[%clk 0:05:32]} 22. Bh2 {[%clk 0:03:39]} Qf6
{[%clk 0:04:57]} 23. Kh1 {[%clk 0:03:38]} Rh5 {[%clk 0:02:16]} 24. Ng1
{[%clk 0:02:16]} Rh4 {[%clk 0:01:56]} 25. Nf3 {[%clk 0:02:01]} Rh5
{[%clk 0:01:59]} 26. Ng1 {[%clk 0:02:09]} Rh4 {[%clk 0:01:29]} 27. Nf3
{[%clk 0:02:18]} Rxh3 {[%clk 0:01:38]} 28. Bxh3 {[%clk 0:02:26]} Bxh3
{[%clk 0:01:47]} 29. Rg1 {[%clk 0:01:55]} g5 {[%clk 0:01:57]} 30. Nxg5
{[%clk 0:01:35]} hxg5 {[%clk 0:01:36]} 31. Qh5 {[%clk 0:01:44]} Be7
{[%clk 0:01:35]} 32. Qxh3 {[%clk 0:01:39]} Kf7 {[%clk 0:00:47]} 33. Qh5+
{[%clk 0:01:24]} Ke6 {[%clk 0:00:55]} 34. Rbe1+ {[%clk 0:01:32]} Ne5
{[%clk 0:01:02]} 35. Qf3 {[%clk 0:00:27]} Qf5 {[%clk 0:00:31]} 36. Qe4
{[%clk 0:00:13]} Qxe4+ {[%clk 0:00:26]} 37. Rxe4 {[%clk 0:00:21]} Kf5
{[%clk 0:00:34]} 38. Kg2 {[%clk 0:00:19]} Bc5 {[%clk 0:00:20]} 39. Rxe5+ Kxe5
{[%clk 0:00:30]} 40. Re1+ {[%clk 0:00:20]} Kf5 {[%clk 0:00:38]} 41. f3
{[%clk 0:00:29]} b5 {[%clk 0:00:38]} 42. cxb5 {[%clk 0:00:35]} Rb8
{[%clk 0:00:48]} 43. Bg1 {[%clk 0:00:31]} Rxb5 {[%clk 0:00:56]} 44. Re2
{[%clk 0:00:40]} Rb3 {[%clk 0:00:52]} 45. Rd2 {[%clk 0:00:49]} Bb6
{[%clk 0:00:54]} 46. Kh3 {[%clk 0:00:34]} Ba7 {[%clk 0:00:25]} 47. Bf2
{[%clk 0:00:38]} Bc5 {[%clk 0:00:30]} 48. Rc2 {[%clk 0:00:38]} Bb6
{[%clk 0:00:39]} 49. Rd2 {[%clk 0:00:42]} Bc5 {[%clk 0:00:27]} 50. Rc2
{[%clk 0:00:51]} Bb6 {[%clk 0:00:35]} 51. Rd2 {[%clk 0:00:59]} Ba7
{[%clk 0:00:38]} 52. Bg1 {[%clk 0:01:06]} Rb7 {[%clk 0:00:31]} 53. Rc2
{[%clk 0:01:07]} Rh7+ {[%clk 0:00:38]} 54. Kg2 {[%clk 0:01:17]} g4
{[%clk 0:00:47]} 55. Rc8 {[%clk 0:01:08]} gxf3+ {[%clk 0:00:19]} 56. Kxf3
{[%clk 0:01:17]} Rh3+ {[%clk 0:00:28]} 57. Ke2 {[%clk 0:01:26]} Rh7
{[%clk 0:00:33]} 58. Rf8+ {[%clk 0:01:27]} Kg4 {[%clk 0:00:41]} 59. Rg8+
{[%clk 0:01:35]} Kf5 {[%clk 0:00:49]} 60. Rf8+ {[%clk 0:01:44]} Kg4
{[%clk 0:00:59]} 61. Rg8+ {[%clk 0:01:51]} Kf5 {[%clk 0:01:07]} 62. Rf8+
{[%clk 0:00:20]} Ke5 1/2-1/2

[Event "Russian Rapid Team Championship (m)"]
[Site "Sochi"]
[Date "2022.10.18"]
[Round "3.3"]
[White "Pridorozhni, Aleksei"]
[Black "Timofeev, Artyom"]
[Result "1/2-1/2"]
[BlackElo "2560"]
[WhiteElo "2538"]
[LiveChessVersion "1.4.8"]

1. e4 {[%clk 0:15:18]} c5 {[%clk 0:15:18]} 2. Nf3 {[%clk 0:15:22]} Nc6
{[%clk 0:15:26]} 3. Bb5 {[%clk 0:15:27]} d6 {[%clk 0:15:28]} 4. O-O
{[%clk 0:15:14]} Bd7 {[%clk 0:15:35]} 5. Re1 {[%clk 0:15:15]} a6 {[%clk 0:15:41]}
6. Bf1 {[%clk 0:15:10]} Bg4 {[%clk 0:15:45]} 7. h3 {[%clk 0:15:18]} Bxf3
{[%clk 0:15:52]} 8. Qxf3 {[%clk 0:15:26]} g6 {[%clk 0:15:55]} 9. c3
{[%clk 0:15:30]} Bg7 {[%clk 0:16:03]} 10. Na3 {[%clk 0:15:20]} e6
{[%clk 0:15:09]} 11. Nc2 {[%clk 0:14:27]} Nge7 {[%clk 0:15:15]} 12. Rb1
{[%clk 0:12:16]} O-O {[%clk 0:14:38]} 13. b4 {[%clk 0:12:23]} cxb4
{[%clk 0:14:46]} 14. Nxb4 {[%clk 0:12:31]} Qc7 {[%clk 0:14:23]} 15. Nxc6
{[%clk 0:10:53]} Nxc6 {[%clk 0:13:39]} 16. a4 {[%clk 0:10:58]} Rac8
{[%clk 0:11:59]} 17. Qe3 {[%clk 0:11:01]} Rfd8 {[%clk 0:09:02]} 18. Qb6
{[%clk 0:10:56]} Rd7 {[%clk 0:08:51]} 19. Qxc7 {[%clk 0:10:13]} Rcxc7
{[%clk 0:08:58]} 20. Rb6 {[%clk 0:08:50]} d5 {[%clk 0:07:53]} 21. exd5
{[%clk 0:08:06]} Rxd5 {[%clk 0:08:01]} 22. d4 {[%clk 0:08:02]} Na5
{[%clk 0:04:59]} 23. Bxa6 {[%clk 0:03:57]} Rxc3 24. Bxb7 Nxb7 {[%clk 0:04:05]}
25. Rxb7 {[%clk 0:04:05]} h5 {[%clk 0:01:24]} 26. Rb4 {[%clk 0:02:41]} Rc2
{[%clk 0:00:57]} 27. Be3 {[%clk 0:02:48]} Ra2 {[%clk 0:01:05]} 28. Rc1
{[%clk 0:02:08]} Rd7 29. Rc8+ Kh7 {[%clk 0:01:13]} 30. g4 {[%clk 0:01:16]} hxg4
{[%clk 0:00:27]} 31. hxg4 {[%clk 0:01:25]} Ra7 {[%clk 0:00:35]} 32. d5
{[%clk 0:01:10]} R7xa4 {[%clk 0:00:41]} 33. Rxa4 {[%clk 0:01:19]} Rxa4
{[%clk 0:00:49]} 34. d6 {[%clk 0:01:26]} Ra1+ {[%clk 0:00:33]} 35. Kg2
{[%clk 0:00:46]} Rd1 {[%clk 0:00:40]} 36. Rc7 {[%clk 0:00:34]} Rxd6
{[%clk 0:00:44]} 37. Rxf7 {[%clk 0:00:42]} Kg8 {[%clk 0:00:53]} 38. Rb7
{[%clk 0:00:47]} Rc6 {[%clk 0:00:57]} 39. Kf3 1/2-1/2